01136nam a2200241 a 450000100100000000500170001000800410002702000180006804000250008608200160011110000290012724500950015626000340025130000210028550000650030650000850037159000260045670000320048295201290051495201140064395201200075799900170087700004884120201002061441.0190416s2016 dr 000 0 spa d a9789945167603 aDO-SdBNPbspacBNPHU axxxxbF316u1 aFeliz, María T.97629313aUn mundo en partículas :b(Beyond) /cMaría Teresa Feliz Peguero editor Johan Rosario. aSanto Domingo :bBuho,c2016. a140 p. ;c23 cm. aIncluye datos de la autora en la solapa de la contracubierta a"Tienes que encontrar tu propio camino, tus recursos y diferenciartes del resto" aInventariado, 2019/LP1 aRosario, Johan,eed.972317 001054708DSaGRbGRcHDd2019-04-16iLF1l0oxxxx F316up48841-30r2020-06-25te. 3w2020-06-25yLFDSZPréstamo en sala 0010718PDaPDbPDcHDd2019-04-16iLF1l0oxxxx F316up48841-10r2020-06-25w2020-06-25yLFPDZNo se presta 0010718PDaPDbPDcHDd2019-04-16iLF1l0oxxxx F316up48841-20r2020-06-25te. 2w2020-06-25yLFPDZNo se presta c48329d48329